000 00667nam a2200169 a 4500
001 000029868
005 20200930055852.0
008 110426s1996 dr 000 0 spa d
040 _aDO-SdBNP
_bspa
_cBNPHU
082 _axxx
_bR457
100 1 _aReyes, Carmen Julia
_956614
245 1 0 _aMetodología de la actividad construcción del nuevo sistema de cuentas nacionales.
260 _aSanto Domingo :
_bBanco Central de la República Dominicana :
_bPrograma de las Naciones Unidas para el Desarrollo,
_c1996.
300 _a[22 p.] ;
_c29 cm.
710 1 0 _aSeminario regional sobre la implementación del sistema de cuentas nacionales, (1993).
_956615
049 _aBNPD
999 _c29360
_d29360